logo

Bir Sreshtho Munshi Abdur Rouf Library
Jhenaidah Cadet College

গর্ভবতী মা ও শিশুর পরিচর্যা / (Record no. 10731)

MARC details
000 -LEADER
fixed length control field 00823nam a2200241 a 4500
001 - CONTROL NUMBER
JCCL Control Number 10731
003 - CONTROL NUMBER IDENTIFIER
JCCL marc code BD-JhCC
005 - DATE AND TIME OF LATEST TRANSACTION
control field 20190716134016.0
008 - FIXED-LENGTH DATA ELEMENTS--GENERAL INFORMATION
fixed length control field 180815s2018 bg a|||| |||| 000 0 ben d
020 ## - INTERNATIONAL STANDARD BOOK NUMBER
International Standard Book Number 9847014501275
035 ## - SYSTEM CONTROL NUMBER
system control number (BD-JhCC)10731
040 ## - CATALOGING SOURCE
Original cataloging agency BD-JhCC
Modifying agency BD-JhCC
041 ## - LANGUAGE CODE
Language code of Book ben
082 ## - DEWEY DECIMAL CLASSIFICATION NUMBER
Classification number 618.92
Author mark and Year FAR 2018
100 ## - MAIN ENTRY--PERSONAL NAME
Personal name ফারিহা, ডা: সালমা
245 ## - TITLE STATEMENT
Title গর্ভবতী মা ও শিশুর পরিচর্যা /
Statement of responsibility, etc ডা: সালমা ফারিহা,
260 ## - PUBLICATION, DISTRIBUTION, ETC. (IMPRINT)
Place of publication, distribution, etc ঢাকা :
Name of publisher, distributor, etc দি স্কাই পাবলিশার্স,
Date of publication, distribution, etc ২০১৮.
300 ## - PHYSICAL DESCRIPTION
Pagination ৩০৩ পৃ. :
Other physical details চিত্রাবলী,
Dimensions ২১ সেমি.
650 ## - SUBJECT ADDED ENTRY--TOPICAL TERM
Topical term or geographic name as entry element Pediatrics
650 ## - SUBJECT ADDED ENTRY--TOPICAL TERM
Topical term or geographic name as entry element Children Diseases
650 ## - SUBJECT ADDED ENTRY--TOPICAL TERM
Topical term or geographic name as entry element Pregnant
942 ## - ADDED ENTRY ELEMENTS (KOHA)
Source of classification or shelving scheme Dewey Decimal Classification
Koha item type Books
Koha issues (borrowed), all copies 6
Holdings
Source of classification or shelving scheme Damaged status Not for loan Home library Current library Shelving location Date of accession Cost, normal purchase price Total Checkouts Total Renewals Full call number Barcode Date last seen Date checked out Copy number Koha item type
Dewey Decimal Classification     JCC Rouf Library JCC Rouf Library General Stacks 08/15/2018 350.00 3 1 618.92 FAR 2018 14539 07/30/2019 07/15/2019 C-1 Books
Dewey Decimal Classification     JCC Rouf Library JCC Rouf Library General Stacks 08/15/2018 350.00     618.92 FAR 2018 14540 08/15/2018   C-2 Books

JCC Library | Contacts | JCC Home

Last Update on 23 September 2017
Copyright @ 2017-2020 JCC Rouf Library
Rouf Library, Jhenidah Cadet College (JCC), Bangladesh